Alle Städte in NRW nach Buchstabe - B - Statistiken

Allgemein
  • Dieses Quiz wurde 221 mal gespielt
  • Das Durchschnittsergebnis liegt bei 21 aus 46
Antworten auf der Karte
Die Antworten werden auf der Karte rot bzw. grün angezeigt, abhängig davon wie oft sie richtig erraten wurden.
 
Antwortstatistiken
Name % Korrekt
Bochum
95%
Bonn
90%
Bielefeld
88%
Bocholt
83%
Bottrop
82%
Borken
76%
Bergheim
66%
Bergisch Gladbach
64%
Bad Oeynhausen
60%
Bad Salzuflen
54%
Beckum
54%
Brilon
54%
Bergkamen
52%
Bad Berleburg
50%
Bad Honnef
48%
Brühl
48%
Bad Münstereifel
47%
Bad Lippspringe
46%
Bornheim
46%
Bad Driburg
44%
Büren
43%
Balve
42%
Bönen
41%
Bad Laasphe
40%
Baesweiler
40%
Bestwig
40%
Brakel
40%
Breckerfeld
40%
Bünde
40%
Bedburg
38%
Bergneustadt
38%
Bad Sassendorf
36%
Billerbeck
32%
Bad Wünnenberg
31%
Borchen
31%
Borgholzhausen
30%
Burscheid
30%
Blankenheim
28%
Borgentreich
28%
Burbach
28%
Beelen
27%
Barntrup
26%
Beverungen
26%
Blomberg
26%
Brüggen
26%
Bedburg-Hau
23%
Keine übereinstimmenden Quizze gefunden
Verteilung der Resultate
Anzahl Personen mit jedem Resultat
Perzentil nach korrekt beantworteten Fragen
Ihre Resultats-Entwicklung
Sie haben dieses Quiz noch nicht gespielt